Κατάλογος Βιβλιοθηκών Mediterranean College

Television Mythologies / Stars, Shows and Signs (Record no. 5511)

MARC details
000 -LEADER
fixed length control field 01470cam a22001934a 4500
005 - ΗΜΕΡΟΜΗΝΙΑ ΚΑΙ ΩΡΑ ΤΕΛΕΥΤΑΙΑΣ ΕΝΗΜΕΡΩΣΗΣ
Πεδίο ελέγχου 20250605164214.0
008 - FIXED-LENGTH DATA ELEMENTS--GENERAL INFORMATION
Πεδίο ελέγχου σταθερού μήκους 250528s ||||||||||||||||||||||||d
035 ## - SYSTEM CONTROL NUMBER
System control number 20402
020 ## - ISBN
ISBN 41503700
040 ## - ΠΗΓΗ ΚΑΤΑΛΟΓΟΓΡΑΦΗΣΗΣ
Φορέας πρωτότυπης καταλογογράφησης MC Athens Campus Library
Γλώσσα καταλογογράφησης Ελληνικά, Μοντέρνα (1453-)
Modifying agency MC Athens Campus Library
Κανόνες περιγραφικής καταλογογράφησης AACR2
245 1# - ΤΙΤΛΟΣ ΚΑΙ ΔΗΛΩΣΗ ΥΠΕΥΘΥΝΟΤΗΤΑΣ
Τίτλος Television Mythologies / Stars, Shows and Signs
260 ## - PUBLICATION, DISTRIBUTION, ETC.
Name of publisher, distributor, etc. Rouledge,
Date of publication, distribution, etc. 1984
300 ## - PHYSICAL DESCRIPTION
Extent 144
520 ## - SUMMARY, ETC.
Summary, etc. This collection of new essays on television presents an up-dated English Version of the Kind of Sharp-written cultural analysis. Introduction, All in the Family: Russell Grant on Breakfast Television, That's Life, One Man and His Dog Show, What's My Line, All in Fun: Su Pollard on Disney Time, Black Blue Peter, TV Games: People as Performers, Tops of the Pops: The Politics of the Living Room, Fragments of Neil: Entertainment and Political Leadership, Romantic Perfection: The Torvill and Dean Story, Olympic Myths: The Flames and the Night and the Music, TV Commercials: Moving Statues and Old Movies, The Glut of the Personality, Writing about Soap Opera, Fabulous Powers: Blaming the Media, The 'A' Team: Paradigms of Masculinity, The Battle of Orgreave, Today's Television and Tomorrow's World, TV Magazines: Workers' Profiles, Out of Bounds: The Myth of Marginality, Disembodied Voices and Familiar Faces: Television Continuity, Television Previewers: No Critical Comment, List of Contributors.
700 1# - ΠΡΟΣΘΕΤΗ ΑΝΑΓΡΑΦΗ--ΦΥΣΙΚΟ ΠΡΟΣΩΠΟ
Personal name Masterman Len
9 (RLIN) 6382
942 ## - ADDED ENTRY ELEMENTS (KOHA)
Koha item type Books
Holdings
Τύπος τεκμηρίου Βιβλιοθήκη Τρέχουσα τοποθεσία Barcode Αριθμός εισαγωγής Ημερομηνία απόκτησης Ταξιθετικό σύμβολο Αριθμός αντιτύπου Κατάσταση απόσυρσης Κατάσταση χαμένου Κατάσταση κατεστραμμένου Μη δανεισμός Σύνολο δανεισμών Ημερομηνία τελευταίας εμφάνισης Η τιμή ισχύει από
Books MC Athens Campus Library MC Athens Campus Library 9780000055101 6876 05/06/2025 791.45/75 MAS 1           05/06/2025 05/06/2025

MC Athens Campus Library
Πατησίων 94 & Κοδριγκτώνος 13, 104 34
Πελλήνης 8 & Πατησίων 107, 112 51
Τ: +30 210 8899600

MC Thessaloniki Campus Library
Ίωνος Δραγούμη 21, 54625 | Ίωνος Δραγούμη 15, 54625
Τ: +30 2310 287779 – Τ: +30 2314 440300